00503nam a22001572 4500001001100000005001700011008004100028020001300069040001500082100005900097245007000156250001300226260003000239300001700269600005900286000000959220151217155840.0081112s xx 000 0 eng d cDonation aKABUcKABU1 aPortsmouth, Gerard Vernon Wallop, Earl of.@000016130912aA Knot of roots :ban autobiography /cby the Earl of Portsmouth. a1st ed. aLondon :bG. Bles,c1965. axii, 336 p.10aPortsmouth, Gerard Vernon Wallop, Earl of.@0000161309